PART 2: Abbey Road Medley Lyrics by The Beatles - Statistics

General Stats
  • This quiz has been taken 26 times
  • The average score is 211 of 222
Answer Stats
Hint Answer % Correct
a
100%
and
100%
And
100%
back
100%
CTW Boy,
100%
carry
100%
cry,
100%
darling,
100%
do
100%
get
100%
Golden
100%
home.
100%
I
100%
long
100%
lullaby.
100%
not
100%
GS Once,
100%
pretty
100%
sing
100%
Sleep,
100%
slumbers
100%
that
100%
the
100%
there
100%
time.
100%
to
100%
was
100%
way
100%
weight,
100%
weight
100%
will
100%
you
100%
you,
100%
you.
100%
your
100%
eyes,
95%
homeward.
95%
in
95%
my
95%
never
95%
only
95%
end,
89%
give
89%
gonna
89%
rise.
89%
smiles
89%
when
89%
you're
89%
equal
84%
fill
84%
going
84%
is
84%
Love
84%
love
84%
make.
84%
middle
84%
of
84%
take
84%
break
79%
down.
79%
dream
79%
tonight?
79%
be
74%
TE Oh
74%
pillow,
74%
are
68%
right,
68%
yeah,
68%
all
63%
send
63%
celebrations,
58%
invitations,
53%
await
47%
No matching quizzes found
Score Distribution
Percent of People with Each Score
Percentile by Number Answered
Your Score History
You have not taken this quiz